000 00642nam a22001817a 4500
003 UA-OsUOA
001 18467
007 ta
008 20040518b un ||||| |||| 00| 0 ukr d
100 _aПастушок О.
942 _cSA
040 _aUA-OsUOA
_cUA-OsUOA
_dUA-OsUOA
245 _a"Зоряний вітер" у Рівному
_b[У Рівному в Палаці дітей та молоді відбувся VІ мист. фестиваль "Зоряний вітер"]
300 _aС.3
955 _a0
773 0 _w0
_tВОЛИНЬ
_dРівне
_d2004
_g№20/ 14 трав./
650 7 _aЗоряний вітер
_2UDC
999 _c304638
_d304638